Guidelines for cave and karst protection / (Registro nro. 1178)

Detalles MARC
000 -CABECERA
Campo de control 01389cam a2200301 a 4500
005 - FECHA Y HORA DE LA ULTIMA TRANSACCION
Campo de control 20160609083803.0
008 - ELEMENTOS DE LONGITUD FIJA—INFORMACION GENERAL
Campo de control 980713s1997 enka b i000 0 eng d
020 ## - ISBN
ISBN 2831703883 (pbk)
040 ## - FUENTE DE CATALOGACIÓN
Agencia catalogadora original UKM
Agencia transcriptora UKM
Agencia Modificadora CAW
-- DLC
-- CO-BoIAVH
041 0# - IDIOMA
Código de idioma para texto/pista de sonido o título separado Inglés
044 ## - PAÍS DE PUBLICACIÓN
País de publicación Inglaterra
082 00 - NUMERO DE CLASIFICACION DECIMAL DEWEY
Número de clasificación 333.784
Número del ítem G94c
245 00 - MENCION DE TITULO
Título Guidelines for cave and karst protection /
Mención de responsabilidad World Commission on Protected Areas (WCPA) ; sintetizado y editado por John Watson ... [y otros 3] for the WCPA Working Group on Cave and Karst Protection, IUCN
260 ## - PUBLICACION, DISTRIBUCION, ETC. (PIE DE IMPRENTA)
Lugar de publicación, distribución, etc. Cambridge, UK :
Nombre del editor, distribuidor, etc. IUCN,
Fecha de publicación, distribución, etc. c1997.
300 ## - DESCRIPCION FISICA
Extensión x, 53 páginas :
Otros detalles físicos ilustraciones ;
Dimensiones 24 x 16 cm.
500 ## - NOTA GENERAL
Nota general "IUCN Protection Area Programme"--Portada.
504 ## - NOTA DE BIBLIOGRAFIA, ETC.
Nota de bibliografía Incluye referencias bibliográficas: páginas 31-32.
546 ## - NOTA DE IDIOMA
Nota de idioma Texto en inglés con las directrices de español y francés.
650 24 - ASIENTO SECUNDARIO DE MATERIA - TERMINO TEMATICO
Término temático o nombre geográfico como elemento de entrada Conservación de Karst
Subdivisión general Guías, manuales, etc.
9 (RLIN) 71503
650 26 - ASIENTO SECUNDARIO DE MATERIA - TERMINO TEMATICO
Término temático o nombre geográfico como elemento de entrada Cuevas
Subdivisión general conservación
Subdivisión de forma Guías, manuales, etc.
9 (RLIN) 71504
700 1# - ASIENTO SECUNDARIO - NOMBRE PERSONAL
Nombre personal Watson, John,
Fechas asociadas con el nombre 1946-
Término de relación editor
9 (RLIN) 71505
700 1# - ASIENTO SECUNDARIO - NOMBRE PERSONAL
Nombre personal Hamilton-Smith, Elery
Término de relación editor
9 (RLIN) 11178
700 1# - ASIENTO SECUNDARIO - NOMBRE PERSONAL
Nombre personal Gillieson, David
Término de relación editor
9 (RLIN) 11179
700 1# - ASIENTO SECUNDARIO - NOMBRE PERSONAL
Nombre personal Kiernan, Kevin
Término de relación editor
9 (RLIN) 11180
710 2# - ASIENTO SECUNDARIO - NOMBRE CORPORATIVO
Nombre corporativo o de jurisdicción como elemento de entrada IUCN World Commission on Protected Areas.
Unidad subordinada Working Group on Cave and Karst Protection.
9 (RLIN) 71506
710 2# - ASIENTO SECUNDARIO - NOMBRE CORPORATIVO
Nombre corporativo o de jurisdicción como elemento de entrada International Union for Conservation of Nature and Natural Resources.
9 (RLIN) 71507
942 ## - ELEMENTOS ADICIONALES (KOHA)
Sistema de clasificación Dewey Decimal Classification
Tipo de ítem Libro
Existencias
Withdrawn status Lost status Sistema de Clasificación Damaged status No para préstamo Colección Inventariado Ubicación Permanente Ubicación actual Fecha de adquisición Fuente de Valor Valor Total Checkouts Número topográfico Inventario / Código de Barras Date last seen Ejemplar Price effective from Forma de adquisición Tipo de material
    Dewey Decimal Classification     General Inventariado 2017 Bogotá Bogotá 18/04/1999 Instituto 39000.00   LB-333.784 G94c 001603 04/12/2012 Ej. 1 04/12/2012 Donación Libro